| 000 | 01276nam0a2200349 4500 | ||
|---|---|---|---|
| 001 | RU\NLR\bibl\1700976 | ||
| 005 | 20250616061610.0 | ||
| 010 |
_a978-5-488-02798-5 _94000 |
||
| 021 |
_aRU _b2010-79671 _95311 |
||
| 035 | _a(nilc)RSL-KNO-004751844 | ||
| 035 | _a(NLR Aleph) 001692055 | ||
| 090 |
_a1166981 _c1166981 |
||
| 100 | _a20101018d2010 |||y0rusy50 ca | ||
| 101 | 0 | _arus | |
| 102 | _aRU | ||
| 105 | _aa zzzz||||| | ||
| 200 | 1 |
_aВстань и иди _eроман _fНиколай Кикешев |
|
| 205 | _aИзд. 5-е, расш. и доп. | ||
| 210 |
_aМосква _cОникс _d2010 _eТверь _gТверской полиграфкомбинат детской литературы |
||
| 215 |
_a672 с. _cил., портр. _d24 |
||
| 300 | _aНа 4-й с. обл. авт.: Н.Кикешев - полк. Рос. Армии | ||
| 300 | _aНа с. 4 в макете подзаг.: Роман-трилогия | ||
| 686 |
_aШ5(2=Р)75-644 _2rubbk |
||
| 686 | _aШ6(2=Р)75-440.4 | ||
| 700 | 1 |
_aКикешев _bН. И. _gНиколай Иванович _4070 |
|
| 801 | 0 |
_aRU _bРГБ _c20101018 _grcr |
|
| 801 | 1 |
_aRU _bРГБ _c20101018 |
|
| 801 | 2 |
_aRU _bNLR _c20101117 _grcr |
|
| 942 | _cBOOK | ||
| 980 | _aNB | ||